书目信息 |
| 题名: |
中国人的现代化
|
|
| 作者: | 叶南客 著 | |
| 分册: | ||
| 出版信息: | 南京 南京出版社 1998.12 |
|
| 页数: | 274页 | |
| 开本: | 32开 | |
| 丛书名: | ||
| 单 册: | ||
| 中图分类: | G122 | |
| 科图分类: | ||
| 主题词: | 文化事业--中国 | |
| 电子资源: | ||
| ISBN: | 7-80614-432-3 | |
| 000 | 00535nam0 2200193 45 | |
| 001 | 0103201649 | |
| 005 | 20010320161418.2 | |
| 010 | @a7-80614-432-3@d12.00元 | |
| 100 | @a20010320d1998 km y0chiy0120 ea | |
| 101 | 0 | @achi |
| 105 | @a z 000yy | |
| 200 | 1 | @a中国人的现代化@AZhong Guo Ren De Xian Dai Hua@f叶南客著@FYe Nan Ke Zhu |
| 210 | @a南京@c南京出版社@d1998.12 | |
| 215 | @a274页@d32开 | |
| 606 | 0 | @a文化事业@x中国 |
| 690 | @aG122@v3 | |
| 701 | 0 | @a叶南客@4著 |
| 801 | @aCN@bPftUser@c20010320 | |
| 905 | @dG122@eY371@b330274@f1 | |
| 中国人的现代化/叶南客著.-南京:南京出版社,1998.12 |
| 274页;32开 |
| ISBN 7-80614-432-3:12.00元 |
| ● |
| 相关链接 |
|
|
|
正题名:中国人的现代化
索取号:G122/Y371
 
预约/预借
| 序号 | 登录号 | 条形码 | 馆藏地/架位号 | 状态 | 备注 |
| 1 | 330274 | 203302746 | 社科库409/409社科库 56排3列3层/ [索取号:G122/Y371] | 在馆 |